íDespierte a la vida! : (Registro nro. 32295)
[ vista simple ]
| 000 -LÍDER | |
|---|---|
| Campo fijo de descripción fija | 00832cam a2200301 i 4500 |
| 001 - NÚMERO DE CONTROL | |
| Campo de control | 768714001 |
| 003 - IDENTIFICADOR DEL NÚMERO DE CONTROL | |
| Campo de control | CO-MdFUSB |
| 005 - FECHA Y HORA DE LA ULTIMA TRANSACCIÓN | |
| control field | 20250529171119.0 |
| 007 - CAMPO FIJO DE DESCRIPCIÓN FIJA--INFORMACIÓN GENERAL | |
| Campo fijo de descripción fija | ta |
| 008 - ELEMENTOS DE LONGITUD FIJA -- INFORMACIÓN GENERAL | |
| Campo fijo de descripción fija -- Información general | 250529t1985 -sp||||| |||| 00| 0 spa d |
| 020 ## - NÚMERO INTERNACIONAL NORMALIZADO PARA LIBROS | |
| Número Internacional Normalizado del libro | 84-7228-937-0 |
| 040 ## - FUENTE DE CATALOGACIÓN | |
| Agencia que realiza la transcripción | CO-MdFUSB |
| 041 0# - CÓDIGO DE IDIOMA | |
| Código de idioma para texto/pista de sonido o título separado | spa |
| 082 04 - NÚMERO DE CLASIFICACIÓN DECIMAL DEWEY | |
| Número de la edición del Dewey | 23 |
| Número de clasificación | 248.8 |
| Clave de autor-Numero de item | I78d |
| 100 1# - ASIENTO PRINCIPAL--NOMBRE PERSONAL | |
| Nombre personal | Iserte Badenas, Salvador |
| Término relacionador | autor |
| 245 10 - TÍTULO | |
| Título del Material | íDespierte a la vida! : |
| Parte restante del título - Subtitulo | Las vitaminas del alma al servicio de su felicidad |
| Mención de responsabilidad, etc. | / Salvador Iserte |
| 250 ## - MENCIÓN DE EDICIÓN | |
| Mención de edición | 2 |
| 264 #1 - PRODUCCIÓN, PUBLICACIÓN, DISTRIBUCIÓN, MANUFACTURA, Y COPYRIGHT | |
| Lugar de producción, publicación, distribución, manufactura | Terrassa, Barcelona, España : |
| Nombre del productor, publicador, distribuidor | Clie, |
| Fecha de producción, publicación, distribución, manufactura, o copyright | [1985] |
| 264 #4 - PRODUCCIÓN, PUBLICACIÓN, DISTRIBUCIÓN, MANUFACTURA, Y COPYRIGHT | |
| Fecha de producción, publicación, distribución, manufactura, o copyright | ©1985 |
| 300 ## - DESCRIPCIÓN FÍSICA | |
| Extensión | 328 páginas |
| 336 ## - TIPO DE CONTENIDO | |
| Término de tipo de contenido | texto |
| Código de tipo de contenido | txt |
| Fuente | rdacontent |
| 337 ## - TIPO DE MEDIO | |
| Fuente | rdamedia |
| Nombre del tipo de medio | sin mediación |
| Código del tipo de medio | n |
| 338 ## - TIPO DE SOPORTE | |
| Fuente | rdacarrier |
| Nombre del tipo de soporte | volumen |
| Código Tipo de soporte | nc |
| 563 ## - NOTA DE ENCUADERNACIÓN | |
| Nota de encuadernación | Rústico |
| 650 #0 - ASIENTO SECUNDARIO DE MATERIA - TERMINO TEMÁTICO | |
| Término temático o nombre geográfico como elemento de entrada | Vida cristiana |
| 9 (RLIN) | 19 |
| 942 ## - TIPO DE MATERIAL (KOHA) | |
| Tipo de Item KOHA | Libros General |
| 945 ## - INFORMACIÓN LOCAL DEL REGISTRO | |
| Catalogador | Miguel Gómez |
| Estado de Material | Estado de Perdido | Estado de Dañado | No para Préstamo | Colección | Tomo | Biblioteca de Origen | Biblioteca Permanente | Fecha de Adquisición | Total de Préstamos | Signatura Topográfica | Código de Barras | Última vez visto | Ejemplar/Existencia | Fecha de Remplazo | Tipo de Material |
|---|---|---|---|---|---|---|---|---|---|---|---|---|---|---|---|
| Colección General | Biblioteca FUSBC | Biblioteca FUSBC | 27/09/2004 | G 248.8 I78d | 474 | 12/12/2019 | 1 | 26/01/2016 | Libros General |
